FIFA 2023 World Cup Countries - Statistics

General Stats
  • This quiz has been taken 22 times
  • The average score is 24 of 32
Answer Stats
Groupee Team % Correct
Group F France
100%
Group C Japan
95%
Group E Netherlands
90%
Group E Portugal
90%
Group C Spain
90%
Group G Argentina
86%
Group B Australia
86%
Group F Brazil
86%
Group B Canada
86%
Group D England
86%
Group A New Zealand
86%
Group H South Korea
86%
Group G Sweden
86%
Group E USA
86%
Group H Colombia
81%
Group D Denmark
81%
Group H Germany
81%
Group G Italy
81%
Group A Norway
81%
Group B Nigeria
76%
Group A Switzerland
76%
Group C Costa Rica
71%
Group B Ireland
71%
Group G South Africa
71%
Group D China
62%
Group H Morocco
57%
Group A Philippines
57%
Group F Jamaica
52%
Group F Panama
52%
Group E Vietnam
48%
Group C Zambia
43%
Group D Haiti
38%
No matching quizzes found
Score Distribution
Percent of People with Each Score
Percentile by Number Answered
Your Score History
You have not taken this quiz